Yleistieto #47 - Statistics

Yleistilastot
  • Tätä visaa on pelattu 517 kertaa
  • Keskiarvotulos 8 / 15
Vastaustilastot
Vinkki Vastaus % Oikein
Mikä on maailman suurin aavikko? Sahara
96%
Mikä on suurin valaslaji? Sinivalas
91%
Minkä automerkin malleja on Fiesta? Fordin
90%
Mistä kaupungista pizza on kotoisin? Napolista
83%
Minkä kaupungin siltoja ovat Washington bridge ja Brooklyn bridge? New Yorkin
80%
Missä kaupungissa sijaitsee Pandan tehtaat ja tehtaanmyymälä? Jyväskylän Vaajakoskella
63%
Missä kaupungissa on Alexanderplatz? Berliinissä
59%
Minkä Yhdysvaltojen osavaltion suurin kaupunki on Anchorage? Alaska
50%
Kuka oli Turkin tasavallan ensimmäinen presidentti? Mustafa Kemal Atatürk
35%
Missä maassa on Timbuktu? Malissa
28%
Missä maassa on suurkaupunki nimeltä Durban? Etelä-Afrikassa
25%
Kuka voitti Amerikan Idolin ensimmäisen kauden? Kelly Clarkson
23%
Kuka esitti Gandalfia Taru Sormusten Herrasta-trilogiassa ? Ian McKellen
21%
Kuka ohjasi elokuvan "Hannah ja sisaret" Woody Allen
18%
Mikä on nimeltään ainoa Sibeliuksen säveltämä ooppera? Neito tornissa
13%
Ehtoja vastaavia visoja ei löytynyt
Tulosjakauma
Jokaisen tuloksen saaneiden osuus
Persentiili vastausten määrän mukaan
Tuloshistoriasi
Et ole pelannut tätä visaa